| 000 | 00746nam a2200229 a 4500 | ||
|---|---|---|---|
| 001 | BRCA_1561 | ||
| 005 | 20190320203453.0 | ||
| 008 | 821206s1982 sp-a---##b---#000-0#spa-# | ||
| 020 | _a8434303558 | ||
| 040 |
_aDLC _cDLC _dDLC |
||
| 050 | 4 |
_aND259.T3 _b.P39 1982 |
|
| 100 | 1 |
_aPaz, Octavio _d1914-1998 _9563 |
|
| 245 | 1 | 0 |
_aRufino Tamayo _ctextos de Octavio Paz, Jacques Lassaigne. |
| 260 |
_aBarcelona _bPolígrafa _c1982 |
||
| 300 |
_a299 p. _bil. (algunas a color) _c30 cm. |
||
| 500 | _aIncluye índice de ilustraciones y cronología | ||
| 504 | _aBibliografía: p. 292 | ||
| 600 | 1 | 4 |
_aTamayo, Rufino _d1899- _92357 |
| 650 | 1 | 4 |
_aPintura mural mexicana _ySiglo XX _zMéxico _95000 |
| 700 | 1 |
_aLassaigne, Jacques _d1910- _95001 |
|
| 942 |
_2lcc _cB |
||
| 999 |
_c1398 _d1398 |
||